000 05354nam a22005177a 4500
005 20120117144537.0
010 _aB-468988-011
020 _a9788179933381
_c155.00
020 _a9788179933381
_c155.00
035 _aB-468988-011
037 _aDPL
_bBlue Berry/Ven
082 _a551.483
100 _aIyer, Rani
_951015
245 _aRivers and Lakes /
_cRani Iyer
246 _aRivers and Lakes /
260 _aNew Delhi
_bTeri Press
_c2011
270 _aDarbari Seth Block, IHC Complex, Lodhi Road,
_bNew Delhi
_e110003
_k24682100, 41504900
_l24682144/24682145
_mTeripress@teri.res.in
300 _a30p.
_bCol.ill
_c29 cm (Hb)
490 _aPlanet Earth
_951016
942 _2ddc
_cCH
_mIYE
_h551.483
999 _c61054
_d61054